Normal view MARC view
  • Centro Brasileño de Cooperación e Intercambio de Servicios Sociales

Entry Nombre Corporativo

Number of records used in: 1

001 - NÚMERO DE CONTROL

  • campo de control: 47060

003 - IDENTIFICADOR DE NUMERO DE CONTROL

  • campo de control: UPN

005 - FECHA Y HORA DE LA ÜLTIMA TRANSACCIÓN

  • campo de control: 20221007190105.0

008 - DATOS DE LONGITUD FIJA

  • campo de control de longitud fija: 221007nnbacnnnaabn a ana d

040 ## - FUENTE DE CATALOGACIÓN

  • Agencia original de catalogación: MX-MxUPN

110 2# - ENCABEZAMIENTO - NOMBRE CORPORATIVO

  • Nombre corporativo o de jurisdicción como elemento de entrada : Centro Brasileño de Cooperación e Intercambio de Servicios Sociales

410 2# - MENCIÓN DE REFERENCIA “VÉASE” – NOMBRE DE ENTIDAD CORPORATIVA

  • Corporate name or jurisdiction name as entry element: CBCISS

670 ## - FUENTE EN LA QUE SE LOCALIZARON DATOS

  • Cita de la fuente : Funciones del servicio social, 1982:
  • Información localizada: portada (Centro Brasileño de Cooperación e Intercambio de Servicios Sociales) cubierta (CBCISS)

902 ## - CATALOGADOR

  • Catalogador: VAGG/071022